=LDR 00000nam 2200000 4500 =001 INLIS000000000023332 =990 ##$$a 0001/BPAP-NTB/2016 =005 20130612122016 =990 ##$$a 0001/BPAP-NTB/2015 =008 ***********************************Ind** =035 ##$$0010-061300000023332 =041 ##$$a Ind =082 ##$$a 531 =090 ##$$a 531, Sar m =100 ##$$a Sarojo Ganijanti Aby =245 ##$$a Seri fisika dasar, Ganijanti Aby Sarojo =260 ##$$a 2002 $b Jakarta =300 ##$$a 413 hlm, ilus, 26 cm =650 ##$$a Mekanika =850 ##$$a NBPNMAT =990 ##$$a 0001/BPAP-NTB/2015 =990 ##$$a 0001/BPAP-NTB/2016